| 000 | 00785nam a2200253 a 4500 | ||
|---|---|---|---|
| 001 | 000056697 | ||
| 005 | 20200120223313.0 | ||
| 008 | 030812s2008 sp a gr 000 0 spa d | ||
| 020 | _a9788466715638 | ||
| 090 |
_aJN _bLONl 2008 |
||
| 100 | 0 | _aLondon, Jack | |
| 245 | 1 | 3 |
_aLa llamada de lo salvaje / _cJack London; traducción: M. I. Villarino; ilustración: Enrique Flores. |
| 250 | _a6a. ed. | ||
| 260 |
_aMadrid : _bAnaya, _c2008. |
||
| 300 |
_a158 p. : _bil. |
||
| 490 | 0 |
_aTus libros _pSelección _v28 |
|
| 517 | _aThe call of the wild | ||
| 650 | 1 | 4 | _aLITERATURA NORTEAMERICANA |
| 650 | 1 | 4 | _aLITERATURA JUVENIL NORTEAMERICANA |
| 650 | 1 | 4 | _aNOVELA JUVENIL NORTEAMERICANA |
| 650 | 1 | 4 | _aNOVELA DE AVENTURAS |
| 700 | 1 |
_aVillarino, M.I. _etr. |
|
| 700 | 1 |
_aFlores, Enrique _eil. |
|
| 999 |
_c6033 _d6033 |
||